Midterm de HIPC ESPOL - Statistiques

Statistiques générales
  • Ce quiz a été pris 50 fois
  • Le résultat moyen est 5 sur 11
Statistiques - réponses
Question Réponse % Correct
À quelle école de pensée appartenaient Adorno et Horkheimer ? École de Francfort
94%
Quel philosophe économique est associé au néolibéralisme ? Hayek
69%
Quel terme Adorno utilise-t-il pour critiquer la marchandisation de la culture ? Industrie culturelle
69%
Quelle idéologie est sceptique à l'égard des grands récits de la modernité ? Postmodernisme
63%
Qui est associé au concept du "panoptique" ? Bentham
50%
Quel concept Rawls a-t-il développé dans "Théorie de la justice" ? Voile d'ignorance
38%
Selon Rawls, quel principe de justice sociale devrait guider la distribution des ressources dans une société juste ? Principe de différence
31%
Quel terme décrit l'interconnexion entre savoir et pouvoir selon Foucault ? Dispositif
25%
Pourquoi la théorie critique de l'École de Francfort rejette-t-elle l'idée de "justice sociale" ? Concept bourgeois
13%
Quel est le terme utilisé par Foucault pour désigner l'ensemble des institutions et des discours qui organisent la gestion des populations ? Gouvernementalité
13%
Comment Adorno et Horkheimer définissent-ils l'impact de l'industrie culturelle sur la société ? Standardisation des goûts
13%
Aucun quiz correspondant
Distribution des résultats
% des personnes avec chaque résultat
Percentile par nombre de réponses
Votre historique - résultats
Vous n’avez pas pris ce quiz